000 00523nam a2200181Ia 4500
008 090123s9999 xx 000 0 und d
082 _b15775
_a891.463/भोपे
100 _aभोपे मधुरंजन
245 _aटक्कर
250 _a1
260 _bमनोरमा प्रकाशन
_c1984
300 _a211
600 _aभोपे मधुरंजन
630 _aटक्कर
700 _aभोपे मधुरंजन
730 _aटक्कर
942 _cBOOK
999 _c53832
_d53832